Angličtina pro posluchače přírodovědecké fakulty

Hlavní autor: Tichý, Aleš, 1931-1988
Jazyk: Čeština
Vydáno: Praha, 1970
Knihy
Uloženo v:
LEADER 00516nam a22001692a 4500
001 000324139
003 CZ BrMZK
005 19980105143423.0
007 ta
008 980105s1970 xr f cze d
040 |a BOA001  |b cze 
100 1 |a Tichý, Aleš,  |d 1931-1988  |7 jk01132396 
245 1 0 |a Angličtina pro posluchače přírodovědecké fakulty 
260 |a Praha,  |c 1970 
910 |a BOA001  |b 4-0479.471-70 
990 |a BK 
996 7 |b 2619838621  |c 4-0479.471-70  |l MZK  |r Sklad / do 24 hodin  |n 6  |w 000324139  |u 000010  |a 1  |e BOA001  |j MZK50  |s A